It looks like you're offline.
Open Library logo
additional options menu

MARC record from Internet Archive

LEADER: 01733cam 22003974i 4500
001 ocm64583358
003 OCoLC
005 20210517182716.0
008 060309s2006 nyu 000 1 eng d
040 $aSMDRL$beng$cSMDRL$dBAKER$dSRB$dBTCTA$dCQU$dBNO$dOCLCF$dOCLCO$dOCLCQ$dTDS$dOCLCO$dOCL$dRV8$dSSH$dOCL$dMLM
020 $a006078430X$q(pbk.)
020 $a9780060784300$q(pbk.)
035 $a(OCoLC)64583358
050 4 $aPR6055.D8$bB54 2006
082 04 $a823/.91$218
100 1 $aEdson, J. T.$q(John Thomas),$d1928-2014.
245 14 $aThe big hunt /$cJ.T. Edson.
260 $aNew York, NY :$bHarperTorch,$c2006.
300 $a263 pages ;$c18 cm
336 $atext$btxt$2rdacontent
337 $aunmediated$bn$2rdamedia
338 $avolume$bnc$2rdacarrier
520 0 $aWanting nothing more than to stop the killing, put aside his gun, and live the rest of his life in peace, buffalo hunter and loner Kerry Barran must take on his old boss in a town owned by his enemies in order to finish one final job, enlisting the assistance of a dapper English gentleman and his sister, a Texas gunslinger, and a hellion with the nickname of "Calamity" to find his redemption.
650 0 $aWestern stories.
650 7 $aWestern stories.$2fast$0(OCoLC)fst01174081
655 7 $aWestern fiction.$2fast$0(OCoLC)fst01726776
655 7 $aWestern stories.$2lcgft
655 7 $aWestern stories.$2gsafd
655 4 $aWestern stories.
938 $aBaker & Taylor$bBKTY$c5.99$d4.79$i006078430X$n0006500532$sactive
938 $aBaker and Taylor$bBTCP$nbl2006030110
029 1 $aNZ1$b12394633
029 1 $aUKDON$b006078430X
029 1 $aUNITY$b126760519
994 $aZ0$bP4A
948 $hNO HOLDINGS IN P4A - 160 OTHER HOLDINGS